Statistics for Geography of Afghanistan

Click here to take the quiz!

General Stats

  • This quiz has been taken 399 times
    (313 since last reset)
  • The average score is 12 of 20

Answer Stats

QuestionAnswer% Correct
What is the capital and most populous city of Afghanistan?Kabul
99%
What branch of Islam do most of the Hazara people belong to?Shia
88%
By what country does Afghanistan share its shortest border?China
86%
Afghanistan is responsible for 90% of world production of what plant?Opium poppy
82%
What mountain pass between Afghanistan and Pakistan was an
integral part of the ancient Silk Road?
{Khyber} Pass
81%
What language is the most commonly-spoken in the country?Dari
80%
What is the national animal of Afghanistan?Snow {Leopard}
79%
What is the nickname of Afghanistan?{Graveyard} of Empires
77%
What mountain range covers central Afghanistan?Hindu {Kush}
77%
Who did the two statues in Bamyan depict - before being destroyed by Taliban?Buddha
67%
What is the dominant ethnic group of Afghanistan?Pashtuns
67%
What is the second most populous city in Afghanistan?Kandahar
64%
More of what ethnic group live in Afghanistan than their homeland?Tajiks
55%
What H city in northwestern Afghanistan was historically known for its wine?Herat
49%
What province is home to most of the NATO military bases in Afghanistan?{Hel}mand
44%
What is the most populous city in northern Afghanistan?{Mazar}-i-Sharif
35%
What major river makes half of the northern border of Afghanistan?{Amu} Darya
31%
Through what narrow strip of land does Afghanistan border that country?Wakhan {Corridor}
29%
Afghanistan's Registan and Margo are world's 8th and 9th largest. What are they?Deserts
28%
What ancient Greek region, starting with B, is shared by Tajikistan and Uzbekistan?Bactria
19%

Score Distribution

Percentile by Number Answered

Percent of People with Each Score

Your Score History

You have not taken this quiz since the last reset